| 000 | 01225nam a22002657a 4500 | ||
|---|---|---|---|
| 005 | 20240530110405.0 | ||
| 008 | 150201s2012 ua d g 000 0 ara d | ||
| 017 |
_a2011/21178 _bمصر . دار الكتب المصرية |
||
| 020 | _a9789774382653 | ||
| 040 | _aEG-CaGPL | ||
| 041 | 0 | _aara | |
| 082 | 0 | 4 |
_221 _a371.27\ _bل غ |
| 100 | 0 | _aلورنس بسطا زكرى | |
| 245 | 1 | 2 |
_aالغش فى الامتحانات : _bاسبابه : نتائجه : مقترحا ت للحد منه / _cاعداد لورنس بسطا زكرى ، اعتدال بنت عبدالرحمن حجازى |
| 260 |
_aالاسكندرية : _bالمكتب الجامعى الحديث ، _c2012 |
||
| 300 |
_a188 ص ؛ _c24 سم |
||
| 490 | 0 | _aسلسلة الدراسات : المشكلات السلوكية فى المؤسسات التربوية | |
| 504 | _aببليوجرافية : ص 183 - 188 | ||
| 650 | 0 | 4 |
_aالامتحانات _xالغش فى |
| 650 | 0 | 4 |
_aالامتحانات _xالغش فى _xالتعليم الثانوى |
| 650 | 0 | 4 |
_aالامتحانات _xالغش فى _xاسباب |
| 700 | 0 |
_aاعتدال بنت عبدالرحمن حجازى _eمعد |
|
| 942 |
_2ddc _cBK |
||
| 999 |
_c60341 _d60341 |
||